000 00366nam a22001337a 4500
008 250117b |||||||| |||| 00| 0 eng d
020 _a9781529745009
050 _aHF5381
_b.B43
100 _aBecker, Felicity
245 _aBoost your employability /by
_cFelicity Becker
260 _aLondon
_bSage Publications Ltd
_c2021
300 _a131p.
_bill.
942 _2lcc
_cBK
999 _c20559
_d20558